| 000 | 02058nam a22001577a 4500 | ||
|---|---|---|---|
| 041 | _aukr | ||
| 080 | _a09 | ||
| 090 | _bАНД | ||
| 100 | _aАндрійчук Т. В. | ||
| 245 | _aДейксис та аналіз дейксису у творі Льюїс Керол "Аліса у Задзеркаллі" | ||
| 260 |
_aОстрог _bКАФ _c2007 |
||
| 300 | _a65 | ||
| 520 |
_aВступ
Розділ 1. Художній текст як засіб комунікації.
1.1 Поняття тексту та підходи до аналізу тексту у теорії мовознавства.
1.2 Структура художнього тексту.
1.3 Комунікативна спрямованість тексту.
1.4 Текст і контекст.
1.5 Текст і дискурс.
Розділ 2. Використання дейксису у художньому тексті.
2.1 Поняття дейксису та його місце у мовній системі.
2.2 Види дейксису.
2.3 Похідні види дексису.
Розділ 3. Аналіз дейксису у творах Льюїс Керол "Аліса у Задзеркаллі".
3.1 Ілюстрація і аналіз типів дейксису у творі Льюїс Керол "Аліса у Задзеркаллі".
3.2 Аналіз дейктичних виразів у творі Л.Керол "Аліса у Задзеркаллі".
3.3 Проблеми іменникових фраз, які не дають вказівок.
3.4 Розбір понять "значення слова", "вказівка", "домінування", "категоризація" у творі Л.Керол "Аліса у Задзеркаллі".
3.5 Дейктичні вказівки і тлумачення тексту Л.Керол "Аліса у Задзеркаллі".
Висновки
Список використаної літератури _0дейксис, дискурс, текст |
||
| 650 | _aResearch Papers | ||
| 999 |
_c284007 _d284007 |
||
| 942 | _cBK | ||